Tribunales de Municipio

Detalles Bibliográficos
Formato: Desconocido
Lenguaje:español
Publicado: [Venezuela] : [s.n.]
Materias:
Acceso en línea:Acceso restringido

MARC

LEADER 00000ny a22000003n 4500
005 2011051000300.0
008 100414s2000 ve z s 000 a spa d
035 |a 2036 
040 |a BUS  |d vLex 
090 |c 1520  |d 1520 
245 3 0 |a Tribunales de Municipio  |h [Recurso electrn̤ico] 
256 |a Servicio en ln̕ea 
260 |a [Venezuela] :  |b [s.n.] 
650 0 4 |a Sentencias  |x Publicaciones perid̤icas 
650 0 4 |a Tribunales  |z Venezuela  |x Publicaciones perid̤icas 
740 0 |a vLex Revista (Servicios en ln̕ea) 
843 |a Electrn̤ica. Abierta 
853 |8 1  |i (year)  |j (month)  |k (day) 
856 4 0 |z Acceso restringido  |u http://vlex.com/source/tribunales-municipio-2036 
942 |c REV